000 01618nam0a2200325 i 4500
001 RU\NLR\BIBL_A\010453898
005 20260405203217.0
010 _a9785906431196
_950
021 _aRU
_b2014-44992
_92728
035 _a(NILC)RuMoRGB-007511559
035 _a(NLR Aleph) 010453898
090 _a9941630
_c9941630
100 _a20140821d2014 km y0rusy50 ca
101 0 _arus
102 _aRU
105 _ay|||z||||01yy
200 1 _aРазвитие военной судебной системы в советский период
_eмонография
_fО. В. Григорьев
_gНовосибирский военный ин-т внутренних войск им. генерала армии И. К. Яковлева МВД России, Каф. теории и истории государства и права
210 _aНовосибирск
_cНовосибирский военный институт внутренних войск
_d2014
215 _a103 с.
_d20
320 _aБиблиогр.: с. 98-102 (52 назв.) и в подстроч. примеч.
606 1 _aВоенно-судебная система
_xИстория
_yСССР
_92193186
_3RU\NLR\AUTH\6601553850
610 0 _aвоенная судебная система
686 1 _aЦ4,6(2)277г
686 1 _aХ629.015.1
700 1 _7ca
_8rus
_aГригорьев
_bО. В.
_cканд. юрид. наук
_gОлег Вячеславович
_973571
_3RU\NLR\AUTH\7790644
801 0 _aRU
_bРГБ
_c20140625
_gRCR
942 _cBOOK
980 _aNBR